[Event "North American-ch U16"]
[Site "Aquascalientes"]
[Date "2007.10.06"]
[Round "3"]
[White "Aguirre Manzo, Leopoldo Antonio"]
[Black "Barajas, Daniel David"]
[Result "1-0"]
[WhiteElo "2100"]
[BlackElo "2070"]
[PlyCount "71"]
[EventDate "2007.10.05"]
[EventType "swiss"]
[EventRounds "7"]
[EventCountry "MEX"]
[SourceTitle "CBM 120 Extra"]
[Source "ChessBase"]
[SourceDate "2007.11.01"]
[SourceVersion "1"]
[SourceVersionDate "2007.11.01"]
[SourceQuality "1"]

1. e4 e5 2. Nf3 d6 3. d4 exd4 4. Nxd4 Nf6 5. Nc3 Be7 6. Bd3 0-0 7. 0-0 Nbd7 8. f4 Nc5 9. f5 Nfd7 10. Rf3 Ne5 11. Rh3 Bg5 12. Qh5 h6 13. Bxg5 Qxg5 14. Qxg5 hxg5 15. Nd5 f6 16. Nxc7 Rb8 17. Re3 Ncxd3 18. cxd3 Nc6 19. Ndb5 Rd8 20. Rc1 a6 21. Nc3 Bd7 22. N3d5 Be8 23. Nb6 Bf7 24. a3 Nd4 25. g4 Nc6 26. Kf2 Ne7 27. d4 Nc6 28. Rd3 g6 29. h3 gxf5 30. gxf5 Kh7 31. Rg1 Kh6 32. Ncd5 Bxd5 33. Nxd5 Rf8 34. h4 Rg8 35. Nxf6 Rg7 36. hxg5+ 1-0